000 00487nam a2200205Ia 4500
003 OSt
005 20230401100214.0
008 210423s2008 xx 000 0 und d
020 _a9788174465788
040 _cAL
041 _aeng
082 _a657.95 VERK
100 _aVERMA (K K).
_981505
245 _aCorporate accounting.
260 _aNew Delhi
_bExcel Books
_c2008
300 _axi,990
_bPB
365 _b375
_cINR
906 _aaccounting. ; Corporate
942 _2ddc
_cBK
999 _c157796
_d157796